000 00388nam a2200157Ia 4500
008 230917s9999||||xx |||||||||||||| ||und||
020 _cFL60
040 _e19145
_aMAIN
041 _aEnglish
082 _a515.7 C826I
100 _aCotlar, Mischa
245 0 _aIntroduction to functional analysis
260 _aAmsterdam
_bNorth-Holland
_c1974
300 _axiv, 585 p.
942 _cBK
999 _c161627
_d161627